000
00328nam a2200145Ia 4500
008
230917s9999||||xx |||||||||||||| ||und||
020
_c
POU5.75
040
_e
14053
_a
MAIN
041
_a
English
082
_a
519.2 C839R
100
_a
Cox, D R
245
0
_a
Renewal theory
260
_a
London
_b
Chapman and hall
942
_c
BK
999
_c
61882
_d
61882